| Tag |
First Indicator |
Second Indicator |
Subfields |
| LEADER |
00000cam a2200000 4500 |
| 001 |
in00000048822 |
| 005 |
20151007075659.0 |
| 008 |
750826s1905 nyua 00010 eng |
| 010 |
|
|
|a 05008371
|
| 035 |
|
|
|a (OCoLC)01573064
|
| 035 |
|
|
|9 AAF3648AM
|
| 040 |
|
|
|a DLC
|c FQG
|d TXA
|d UtOrBLW
|
| 049 |
|
|
|a TXAM
|c 2 [33107]
|
| 050 |
0 |
0 |
|a SB211.P8
|b F84
|
| 092 |
|
|
|a 633.49
|b F842p
|
| 100 |
1 |
|
|a Fraser, Samuel,
|d 1876-
|
| 245 |
1 |
4 |
|a The potato ;
|b a practical treatise on the potato, its characteristics, planting, cultivation, harvesting, storing, marketing, insects, and diseases and their remedies, etc., etc. /
|c [by] Samuel Fraser ...
|
| 264 |
|
1 |
|a New York :
|b Orange Judd company,
|c [1905]
|
| 264 |
|
4 |
|c [©1905]
|
| 300 |
|
|
|a xvi, 185 pages including frontispiece, illustrations ;
|c 19 cm.
|
| 336 |
|
|
|a text
|b txt
|2 rdacontent
|
| 337 |
|
|
|a unmediated
|b n
|2 rdamedia
|
| 338 |
|
|
|a volume
|b nc
|2 rdacarrier
|
| 650 |
|
0 |
|a Potatoes.
|
| 999 |
|
|
|a MARS
|
| 999 |
f |
f |
|s 63abe230-664a-3d4c-85db-31c55f6db91a
|i ec515f67-7ce1-3113-ba2d-18dad802bc56
|t 0
|
| 952 |
f |
f |
|p ric
|a Texas A&M University
|b Rellis Campus
|c Joint Library Facility
|d Remote Storage
|t 0
|e SB211.P8 F84
|h Library of Congress classification
|i unmediated -- volume
|m A14801073702
|
| 998 |
f |
f |
|a SB211.P8 F84
|t 0
|l Remote Storage
|